Tilastot visalle Maat kahdella ensimmäisellä kirjeellä 90 sekunnissa

Klikkaa tästä pelataksesi tätä visaa!

Yleistilastot

  • Tätä visaa on pelattu 411 kertaa
  • Keskiarvotulos 120 / 196

Vastaukset kartalla

Vastauksille on annettu kartalla punavihreä väri sen mukaan, kuinka moni on saanut sen oikein.
 

Vastaustilastot

maa% Oikein
Sudan
97%
Suomi
97%
Suriname
97%
Venäjä
96%
Venezuela
96%
Cabo Verde
94%
Kambodža
93%
Kamerun
93%
Kanada
93%
Kazakstan
93%
Côte d'Ivoire
91%
Saint Kitts ja Nevis
91%
Saint Lucia
91%
Saint Vincent
ja Grenadiinit
91%
Saksa
91%
Salomonsaaret
91%
Sambia
91%
Samoa
91%
San Marino
91%
São Tomé ja Príncipe
91%
Saudi-Arabia
91%
Norja
90%
Ruanda
90%
Ruotsi
90%
Yhdistyneet
arabiemiirikunnat
90%
Yhdistynyt
kuningaskunta
90%
Yhdysvallat
90%
Kiina
89%
Kirgisia
89%
Kiribati
89%
Marshallinsaaret
89%
Madagaskar
88%
Malawi
88%
Malediivit
88%
Malesia
88%
Mali
88%
Malta
88%
Marokko
88%
Mauritania
88%
Mauritius
88%
Indonesia
87%
Intia
87%
Espanja
86%
Irak
86%
Iran
86%
Irlanti
86%
Swazimaa
86%
Tadžikistan
86%
Taiwan
86%
Tansania
86%
Tanska
86%
Brasilia
84%
Brunei
84%
Libanon
84%
Liberia
84%
Libya
84%
Liechtenstein
84%
Liettua
84%
Pohjois-Korea
84%
Pohjois-Makedonia
84%
Portugali
84%
Ranska
84%
Meksiko
83%
Etelä-Afrikka
81%
Etelä-Korea
81%
Etelä-Sudan
81%
Etiopia
81%
Italia
80%
Itävalta
80%
Timor-Leste
80%
Moldova
79%
Monaco
79%
Mongolia
79%
Montenegro
79%
Mosambik
79%
Islanti
78%
Israel
78%
Australia
76%
Laos
76%
Latvia
76%
Vietnam
76%
Viro
76%
Alankomaat
73%
Albania
73%
Algeria
73%
Päiväntasaajan Guinea
71%
Pakistan
71%
Palau
71%
Panama
71%
Papua-Uusi-Guinea
71%
Paraguay
71%
Ukraina
71%
Jamaika
70%
Japani
70%
Kongon tasavalta
70%
Valko-Venäjä
70%
Vanuatu
70%
Vatikaanivaltio
70%
Argentiina
69%
Armenia
69%
Kolumbia
69%
Komorit
69%
Kongon demokraattinen
tasavalta
69%
Kosovo
69%
Tunisia
69%
Turkki
69%
Turkmenistan
69%
Tuvalu
69%
Puola
66%
Chile
65%
Peru
60%
Myanmar
59%
Bolivia
58%
Botswana
58%
Belgia
57%
Belize
57%
Benin
57%
Nicaragua
56%
Niger
56%
Nigeria
56%
Egypti
54%
Romania
52%
Somalia
51%
Tšad
51%
Tšekki
51%
Namibia
48%
Nauru
48%
Bulgaria
46%
Burkina Faso
46%
Burundi
46%
Andorra
45%
Angola
45%
Antigua ja Barbuda
45%
Oman
45%
Jemen
44%
Kenia
44%
Keski-Afrikan tasavalta
44%
Kuuba
44%
Kuwait
44%
Kreikka
41%
Kroatia
41%
Thaimaa
41%
Unkari
41%
Bahama
39%
Bahrain
39%
Bangladesh
39%
Barbados
39%
Ecuador
37%
Slovakia
37%
Slovenia
37%
Senegal
35%
Serbia
35%
Seychellit
35%
Uusi-Seelanti
35%
Afganistan
34%
Guatemala
34%
Guinea
34%
Guinea-Bissau
34%
Guyana
34%
Nepal
34%
Uruguay
33%
Honduras
31%
Fidži
30%
Filippiinit
30%
Haiti
24%
Lesotho
24%
Sveitsi
24%
Costa Rica
23%
Dominica
23%
Dominikaaninen tasavalta
23%
Luxemburg
22%
Mikronesia
22%
Syyria
22%
Uzbekistan
22%
Eritrea
20%
Sierra Leone
20%
Singapore
20%
Sri Lanka
20%
Zimbabwe
20%
Azerbaidžan
18%
El Salvador
18%
Jordania
18%
Bhutan
16%
Gabon
16%
Gambia
16%
Qatar
15%
Ghana
14%
Togo
13%
Tonga
13%
Georgia
12%
Uganda
12%
Grenada
10%
Djibouti
7%
Trinidad ja Tobago
7%
Kypros
5%
Bosnia ja Hertsegovina
1%

Tulosjakauma

Persentiili vastausten määrän mukaan

Jokaisen tuloksen saaneiden osuus

Tuloshistoriasi

Et ole pelannut tätä visaa